Genetic variability, character association and diversity analysis in Wheat (Triticum aestivum L.) / (Record no. 14244)
[ view plain ]
| 000 -LEADER | |
|---|---|
| fixed length control field | 01204nam a22002777a 4500 |
| 003 - CONTROL NUMBER IDENTIFIER | |
| control field | BD-DhSAU |
| 005 - DATE AND TIME OF LATEST TRANSACTION | |
| control field | 20190101110509.0 |
| 008 - FIXED-LENGTH DATA ELEMENTS--GENERAL INFORMATION | |
| fixed length control field | 160718b2016 bg ||||| |||| 001 0 eng d |
| 040 ## - CATALOGING SOURCE | |
| Original cataloging agency | BD-DhSAU |
| 082 ## - DEWEY DECIMAL CLASSIFICATION NUMBER | |
| Edition number | 22 |
| Classification number | 581.15 |
| Item number | R1293 |
| 100 ## - MAIN ENTRY--PERSONAL NAME | |
| Personal name | Rahman , Md. Rezaur |
| Relator term | Registration No # 11-04415 |
| 245 ## - TITLE STATEMENT | |
| Title | Genetic variability, character association and diversity analysis in Wheat (Triticum aestivum L.) / |
| Statement of responsibility, etc. | Rahman , Md. Rezaur |
| Remainder of title | Ms Thesis |
| 260 ## - PUBLICATION, DISTRIBUTION, ETC. (IMPRINT) | |
| Place of publication, distribution, etc. | Sher-e-Bangla Agricultural University : |
| Name of publisher, distributor, etc. | Department of Genetics and Plant Breeding, |
| Date of publication, distribution, etc. | 2016. |
| 300 ## - PHYSICAL DESCRIPTION | |
| Extent | xi, 82 p. : |
| Other physical details | ill. ; |
| Dimensions | 30 cm. |
| 500 ## - GENERAL NOTE | |
| General note | MS thesis of Department of Genetics and Plant Breeding, Faculty of Agriculture, Sher-e-Bangla Agricultural University, Dhaka, Bangladesh |
| 504 ## - BIBLIOGRAPHY, ETC. NOTE | |
| Bibliography, etc | Includes bibliographical references. |
| 590 ## - Name of Cataloguer | |
| Name of Cataloger | shofi |
| 650 ## - SUBJECT ADDED ENTRY--TOPICAL TERM | |
| Topical term or geographic name as entry element | Genetics and Plant Breeding |
| 650 ## - SUBJECT ADDED ENTRY--TOPICAL TERM | |
| Topical term or geographic name as entry element | Genetic variability |
| 650 ## - SUBJECT ADDED ENTRY--TOPICAL TERM | |
| Topical term or geographic name as entry element | Diversity analysis |
| 650 ## - SUBJECT ADDED ENTRY--TOPICAL TERM | |
| Topical term or geographic name as entry element | Wheat (Triticum aestivum L.) |
| 700 ## - ADDED ENTRY--PERSONAL NAME | |
| Personal name | Hossain , Md. Sarowar |
| Relator term | Superviser |
| 700 ## - ADDED ENTRY--PERSONAL NAME | |
| Personal name | Zeba , Naheed |
| Relator term | Co-superviser |
| 856 ## - ELECTRONIC LOCATION AND ACCESS | |
| Uniform Resource Identifier | <a href="http://archive.saulibrary.edu.bd:8080/xmlui/handle/123456789/1109">http://archive.saulibrary.edu.bd:8080/xmlui/handle/123456789/1109</a> |
| Link text | Online Access |
| 942 ## - ADDED ENTRY ELEMENTS (KOHA) | |
| Source of classification or shelving scheme | Dewey Decimal Classification |
| Koha item type | MS Level Thesis |
| Withdrawn status | Lost status | Source of classification or shelving scheme | Damaged status | Not for loan | Collection code | Home library | Branch Name | Date acquired | Total Checkouts | Full call number | Barcode | Date last seen | Price effective from | Koha item type |
|---|---|---|---|---|---|---|---|---|---|---|---|---|---|---|
| Dewey Decimal Classification | Not For Loan | Reference | SAU Library | SAU Library | 20/02/2018 | 581.15 R1293 | 40636 | 18/03/2018 | 18/03/2018 | MS Level Thesis |
